| 000 | 00377nam a22001337a 4500 | ||
|---|---|---|---|
| 008 | 170220b xxu||||| |||| 00| 0 eng d | ||
| 020 | _a9781133280309```````````````````````````````````````````````````````````````````````````` | ||
| 041 | _aeng | ||
| 080 |
_22013ED _a615 |
||
| 100 | _a5 | ||
| 101 | _aSHF | ||
| 245 |
_aHEALTH CARE DRUG HANBOOK _cG.R.SPRATTO |
||
| 942 |
_2udc _cBK |
||
| 999 |
_c5832 _d5832 |
||